Normal view MARC view

Entry Topical Term

Number of records used in: 1

001 - CONTROL NUMBER

  • control field: 25777

003 - CONTROL NUMBER IDENTIFIER

  • control field: UA-OsUOA

005 - DATE AND TIME OF LATEST TRANSACTION

  • control field: 20260702150315.0

008 - FIXED-LENGTH DATA ELEMENTS

  • fixed length control field: 260702|| aca||aabn | a|a d

040 ## - CATALOGING SOURCE

  • Original cataloging agency: UA-OsUOA
  • Transcribing agency: UA-OsUOA

150 ## - HEADING--TOPICAL TERM

  • Topical term or geographic name as entry element: 070(091) Історія преси

670 ## - SOURCE DATA FOUND

  • Source citation: Work cat.: (UA-OsUOA)443589: "Українські вісті" в Європи й Америці (1945–2000). Бібліографічний покажчик змісту газети "Українські вісті" : у 2-х т. Т. 1 : 1945–1967, 2010